| 000 | 00492nam a2200169 4500 | ||
|---|---|---|---|
| 001 | 995 | ||
| 005 | 20181127162457.0 | ||
| 008 | 710507s1970 ii b b 001 0 eng | ||
| 010 | _a 72915897 | ||
| 043 | _aa-ii--- | ||
| 100 | 1 | _aKothari, Rajni. | |
| 245 | 1 | 0 |
_aPolitics in India / _cRajni Kothari. |
| 260 |
_aNew Delhi : _bOrient BlackSwan, _c2010. |
||
| 300 |
_axi, 470 p. : _bmap ; _c22 cm. |
||
| 504 | _aIncludes bibliographical references. | ||
| 651 | 0 |
_aIndia _xPolitics and government _y1947- |
|
| 999 |
_c703 _d703 |
||